|
|
|
|
| LEADER |
00960nam a2200241 a 4500 |
| 001 |
3629491 |
| 008 |
100405s1965 enk 000 1 eng d |
| 010 |
|
|
|a 74185790
|
| 040 |
|
|
|a DLC
|c DLC
|d DLC
|d DB-DhAAL
|
| 082 |
0 |
0 |
|a 833/.9/12
|
| 100 |
1 |
|
|a Canetti, Elias,
|d 1905-1994.
|
| 240 |
1 |
0 |
|a Blendung.
|l English
|
| 245 |
1 |
0 |
|a Auto da fe /
|c Elias Canetti
|
| 260 |
|
|
|a Harmondsworth :
|b Penguin,
|c 1965.
|
| 300 |
|
|
|a 522 p. ;
|c 18 cm.
|
| 490 |
0 |
|
|a Penguin modern classics
|
| 500 |
|
|
|a Translation of Die Blendung.
|
| 541 |
1 |
|
|e 00004591
|
| 650 |
|
0 |
|a German fiction
|
| 650 |
|
0 |
|a Novel
|x German
|y 20th century
|x English
|v Texts
|
| 852 |
4 |
|
|a Ayesha Abed Library
|j General Shelf.
|
| 999 |
|
|
|c 7965
|d 7965
|
| 952 |
|
|
|0 0
|1 0
|2 ddc
|4 1
|6 833_912000000000000_CAN_1965
|7 0
|9 8986
|a BRACUL
|b BRACUL
|d 2010-04-05
|g 0.00
|l 4
|m 4
|o 833.912 CAN
|p 3010004591
|r 2024-05-05
|s 2024-04-30
|t 1
|w 2010-04-05
|y BK
|z Not price in Register
|x A few pages of this book are missing ; Permanently damaged and unrepairable.
|